| 000 | 00691nam a22001817a 4500 | ||
|---|---|---|---|
| 008 | 230112s2012 xxk|||||o|||| 00| 0 eng d | ||
| 041 | _aeng | ||
| 110 | _aRoyal Institution of Chartered Surveyors | ||
| 245 |
_aRICS Small Business Retail Lease _bHeads of Terms _h[Electronic resource] |
||
| 260 |
_aLondon, _bRoyal Institution of Chartered Surveyors, _c2012 |
||
| 300 | _a8p. | ||
| 490 | _aForm | ||
| 520 | _aModel Head of Terms for retail. Fillable form. | ||
| 651 | _aUnited Kingdom | ||
| 710 | _aRoyal Institution of Chartered Surveyors | ||
| 856 |
_uhttps://www.ricsfirms.com/media/1218/17005-rics-small-business-lease-heads-of-terms.pdf _zAvailable free on RICS.org |
||
| 942 | _n0 | ||
| 999 |
_c121314 _d121314 |
||